zpět

Detail výsledku týmu

Tony's Bar, Příbor

Datum a čas kvízu

28 Celkem bodů Celkový počet nahraných bodů na tomto kvízu bez doplňovacích otázek.
4. Pořadí na kvízu Konečné umístění týmu na tomto kvízu.

Zaznamenané odpovědi

# Otázka Odpověď Body Výsledky
1. Dle rozhodnutí soudu z minuléh... Tomio Okamura 0
2. Slovenská policie minulý týden... Robert Fico, Robert Kaliňák 0.5
3. Společnost Mattel vydala u pří... královna Alžběta II. 1
4. Jedna z českých nápojářských z... Kofola 0
5. Českým házenkářkám se povedl m... Francie 0
6. Tímto tématem navazujeme v naš... B 1
7. Na lícní straně dvacetikoruny... zahynout nám i budoucím 0
8. V loňském roce oslavila své dv... Met Gala 1
9. Nyní se podíváme do periodické... vápník 0
10. Dne 13. prosince roku 1920 zal... Haribo 0